the cambridge eclipse photography guide (Record no. 11415)

MARC details
000 -LEADER
fixed length control field 00697nam a2200205Ia 4500
003 - CONTROL NUMBER IDENTIFIER
control field IN-BaIIA
008 - FIXED-LENGTH DATA ELEMENTS--GENERAL INFORMATION
fixed length control field 211028s9999 xx 000 0 eng d
020 ## - INTERNATIONAL STANDARD BOOK NUMBER
International Standard Book Number 0-521-45651-7
040 ## - CATALOGING SOURCE
Transcribing agency IIA Library
080 ## - UNIVERSAL DECIMAL CLASSIFICATION NUMBER
Universal Decimal Classification number 521.81
Item number PAS
100 ## - MAIN ENTRY--PERSONAL NAME
Personal name Pasachhoff, J M
9 (RLIN) 19655
245 #4 - TITLE STATEMENT
Title the cambridge eclipse photography guide
Remainder of title how and where to observe and photograph solar and lunar eclipse
Statement of responsibility, etc. J M Pasachhoff and M A Covington
260 ## - PUBLICATION, DISTRIBUTION, ETC.
Place of publication, distribution, etc. Cambridge
Name of publisher, distributor, etc. Cambridge University Press
Date of publication, distribution, etc. 1993
300 ## - PHYSICAL DESCRIPTION
Extent 135p.
650 ## - SUBJECT ADDED ENTRY--TOPICAL TERM
Topical term or geographic name entry element Eclipses
9 (RLIN) 909
650 ## - SUBJECT ADDED ENTRY--TOPICAL TERM
Topical term or geographic name entry element Lunar eclipses
9 (RLIN) 3371
650 ## - SUBJECT ADDED ENTRY--TOPICAL TERM
Topical term or geographic name entry element Solar eclipses
9 (RLIN) 1451
700 ## - ADDED ENTRY--PERSONAL NAME
Personal name Covington, M. A.
9 (RLIN) 19656
942 ## - ADDED ENTRY ELEMENTS (KOHA)
Koha item type Books
Holdings
Withdrawn status Lost status Damaged status Not for loan Home library Current library Shelving location Date acquired Total Checkouts Full call number Barcode Date last seen Price effective from Koha item type
        IIA Library-Bangalore IIA Library-Bangalore General Stacks 28/09/1995   521.81/ PAS 12330 05/11/2021 28/09/1995 Books

Powered by Koha